Ascorbic acid in aquatic organisms: Status and perspectives

Na minha lista:
Detalhes bibliográficos
Formato: Livro
Idioma:Undetermined
Publicado em: Boca Raton, FL CRC Press 2001
Assuntos:
Tags: Adicionar Tag
Sem tags, seja o primeiro a adicionar uma tag!
Thư viện lưu trữ: Trung tâm Học liệu Trường Đại học Cần Thơ
LEADER 00552nam a2200193Ia 4500
001 CTU_67508
008 210402s9999 xx 000 0 und d
020 |b 143 
082 |a 639.3 
082 |b A815 
245 0 |a Ascorbic acid in aquatic organisms: Status and perspectives 
245 0 |c Edited by Konrad Dabrowski 
260 |a Boca Raton, FL 
260 |b CRC Press 
260 |c 2001 
650 |a fishes,aquatic organisms,vitamin c 
650 |x nutrition,nutrition 
904 |i Minh 
980 |a Trung tâm Học liệu Trường Đại học Cần Thơ